| Tag |
First Indicator |
Second Indicator |
Subfields |
| LEADER |
00000cam a2200000 4500 |
| 001 |
in00001575868 |
| 005 |
20220103181724.0 |
| 006 |
m u |
| 007 |
cr cn||||||||| |
| 008 |
001009s1996 alu sb 001 0 eng |
| 010 |
|
|
|z 95012245
|
| 020 |
|
|
|a 0585184119 (electronic bk.) :
|c $24.95
|
| 020 |
|
|
|z 0817308040 (alk. paper)
|
| 035 |
|
|
|a 32496
|b (N$T)
|
| 035 |
|
|
|a nL32496
|
| 040 |
|
|
|a N$T
|c N$T
|d UtOrBLW
|
| 043 |
|
|
|a n-us---
|
| 050 |
1 |
0 |
|a BX6462.3
|b .M67 1996eb
|
| 082 |
0 |
4 |
|a 286/.132/09045
|2 20
|
| 100 |
1 |
|
|a Morgan, David T.
|0 http://id.loc.gov/authorities/names/n95027125
|
| 245 |
1 |
4 |
|a The new crusades, the new Holy Land :
|b conflict in the Southern Baptist Convention, 1969-1991 /
|c David T. Morgan.
|
| 264 |
|
1 |
|a Tuscaloosa :
|b University of Alabama Press,
|c [1996]
|
| 264 |
|
4 |
|c ©1996
|
| 300 |
|
|
|a xv, 246 pages ;
|c 24 cm.
|
| 336 |
|
|
|a text
|b txt
|2 rdacontent
|
| 337 |
|
|
|a computer
|b c
|2 rdamedia
|
| 338 |
|
|
|a online resource
|b cr
|2 rdacarrier
|
| 504 |
|
|
|a Includes bibliographical references (pages 213-220) and index.
|
| 533 |
|
|
|a Electronic reproduction.
|b Boulder, Colo. :
|c NetLibrary,
|d 2000.
|n Available via World Wide Web.
|n Access may be limited to NetLibrary affiliated libraries.
|
| 500 |
|
|
|a Electronic resource.
|
| 610 |
2 |
0 |
|a Southern Baptist Convention
|x History
|y 20th century.
|
| 650 |
|
0 |
|a Baptists
|z United States
|x History
|y 20th century.
|
| 650 |
|
0 |
|a Church controversies
|x Baptists
|x History
|y 20th century.
|
| 610 |
2 |
0 |
|a Southern Baptist Convention
|x Doctrines.
|
| 650 |
|
0 |
|a Baptists
|x Doctrines.
|0 http://id.loc.gov/authorities/subjects/sh2007101883
|
| 650 |
|
0 |
|a Fundamentalism
|z United States
|x History.
|
| 651 |
|
0 |
|a United States
|x Church history
|y 20th century.
|0 http://id.loc.gov/authorities/subjects/sh85139929
|
| 655 |
|
0 |
|a Electronic books.
|
| 710 |
2 |
|
|a NetLibrary, Inc.
|0 http://id.loc.gov/authorities/names/no99080690
|
| 776 |
0 |
|
|c Original
|w (DLC) 95012245
|
| 856 |
4 |
1 |
|u https://proxy.library.tamu.edu/login?url=http://www.netLibrary.com/urlapi.asp?action=summary&v=1&bookid=32496
|z Connect to the full text of this electronic book
|t 0
|
| 999 |
|
|
|a MARS
|
| 999 |
f |
f |
|s 8807d7b9-7ce2-335d-b13c-bf7d37f74611
|i c40709e2-98ff-35cc-a4e3-088302faca01
|t 0
|
| 952 |
f |
f |
|a Texas A&M University
|b College Station
|c Electronic Resources
|d Available Online
|t 0
|e BX6462.3 .M67 1996eb
|h Library of Congress classification
|
| 998 |
f |
f |
|a BX6462.3 .M67 1996eb
|t 0
|l Available Online
|